Doctor Who Beast Below Poem (2) Quiz Stats

Quiz not verified by Sporcle

Challenge
Share
Tweet
Embed
Score 0/27 Timer 05:00
0 Plays Today
Words % Correct
a
94.1%
Beast
94.1%
Below.
94.1%
the
91.2%
on
79.4%
we
73.5%
all
73.5%
depend
73.5%
In
70.6%
must
70.6%
must
70.6%
know,
64.7%
above
61.8%
deep
58.8%
Words % Correct
asleep,
58.8%
deep.
58.8%
lies
55.9%
world
55.9%
further
52.9%
bed
50%
love
50%
This
44.1%
this
44.1%
end,
41.2%
greater
35.3%
dream
29.4%
where
8.8%

You're not logged in!

Compare scores with friends on all Sporcle quizzes.
Join for Free
OR
Log In

You Might Also Like...

Show Comments

Extras

Top Quizzes Today


Score Distribution

Your Account Isn't Verified!

In order to create a playlist on Sporcle, you need to verify the email address you used during registration. Go to your Sporcle Settings to finish the process.

Report this User

Report this user for behavior that violates our Community Guidelines.

Details: